<?xml version="1.0" encoding="UTF-8"?>
<record
    xmlns:xsi="http://www.w3.org/2001/XMLSchema-instance"
    xsi:schemaLocation="http://www.loc.gov/MARC21/slim http://www.loc.gov/standards/marcxml/schema/MARC21slim.xsd"
    xmlns="http://www.loc.gov/MARC21/slim">

  <leader>00602nam a22002057a 4500</leader>
  <controlfield tag="003">OSt</controlfield>
  <controlfield tag="005">20260220120245.0</controlfield>
  <controlfield tag="008">250701b        |||||||| |||| 00| 0 eng d</controlfield>
  <datafield tag="020" ind1=" " ind2=" ">
    <subfield code="a">9789366169798</subfield>
  </datafield>
  <datafield tag="041" ind1=" " ind2=" ">
    <subfield code="a">ENG</subfield>
  </datafield>
  <datafield tag="082" ind1=" " ind2=" ">
    <subfield code="2">23</subfield>
    <subfield code="a">610.7343</subfield>
  </datafield>
  <datafield tag="100" ind1=" " ind2=" ">
    <subfield code="a">Bandana</subfield>
    <subfield code="9">180188</subfield>
  </datafield>
  <datafield tag="245" ind1=" " ind2=" ">
    <subfield code="a">Community Health Nursing -II Semester -VII</subfield>
    <subfield code="b">As per the Revised INC Syllabus BSc. Nursing</subfield>
  </datafield>
  <datafield tag="250" ind1=" " ind2=" ">
    <subfield code="a">1st Edition</subfield>
  </datafield>
  <datafield tag="260" ind1=" " ind2=" ">
    <subfield code="a">New Delhi</subfield>
    <subfield code="b">Jaypee Brothers Medical Publishers</subfield>
    <subfield code="c">2025</subfield>
  </datafield>
  <datafield tag="300" ind1=" " ind2=" ">
    <subfield code="a">XXVIII;534P.</subfield>
  </datafield>
  <datafield tag="651" ind1=" " ind2=" ">
    <subfield code="a">Community Health Nursing</subfield>
  </datafield>
  <datafield tag="700" ind1=" " ind2=" ">
    <subfield code="a">Kaur, Taranpreet</subfield>
    <subfield code="9">212483</subfield>
  </datafield>
  <datafield tag="942" ind1=" " ind2=" ">
    <subfield code="2">ddc</subfield>
    <subfield code="c">BK</subfield>
  </datafield>
  <datafield tag="999" ind1=" " ind2=" ">
    <subfield code="c">367135</subfield>
    <subfield code="d">367135</subfield>
  </datafield>
  <datafield tag="952" ind1=" " ind2=" ">
    <subfield code="0">0</subfield>
    <subfield code="1">0</subfield>
    <subfield code="2">ddc</subfield>
    <subfield code="4">0</subfield>
    <subfield code="7">0</subfield>
    <subfield code="a">SNCN</subfield>
    <subfield code="b">SNCN</subfield>
    <subfield code="d">2025-06-26</subfield>
    <subfield code="e">Donated by Sneha Radheshyam Pingale</subfield>
    <subfield code="g">995.00</subfield>
    <subfield code="o">610.7343/BAN</subfield>
    <subfield code="p">SNCN-DB-331</subfield>
    <subfield code="r">2025-07-01 00:00:00</subfield>
    <subfield code="v">995.00</subfield>
    <subfield code="w">2025-06-26</subfield>
    <subfield code="y">DB</subfield>
  </datafield>
  <datafield tag="952" ind1=" " ind2=" ">
    <subfield code="0">0</subfield>
    <subfield code="1">0</subfield>
    <subfield code="2">ddc</subfield>
    <subfield code="4">0</subfield>
    <subfield code="7">0</subfield>
    <subfield code="a">SNCN</subfield>
    <subfield code="b">SNCN</subfield>
    <subfield code="d">2025-09-25</subfield>
    <subfield code="e">108</subfield>
    <subfield code="g">646.75</subfield>
    <subfield code="l">7</subfield>
    <subfield code="o">610.7343</subfield>
    <subfield code="p">SNCN-BK-3657</subfield>
    <subfield code="q">2026-04-09</subfield>
    <subfield code="r">2026-03-25 16:42:33</subfield>
    <subfield code="s">2026-03-25</subfield>
    <subfield code="v">995.00</subfield>
    <subfield code="w">2025-09-25</subfield>
    <subfield code="y">BK</subfield>
  </datafield>
  <datafield tag="952" ind1=" " ind2=" ">
    <subfield code="0">0</subfield>
    <subfield code="1">0</subfield>
    <subfield code="2">ddc</subfield>
    <subfield code="4">0</subfield>
    <subfield code="7">0</subfield>
    <subfield code="a">SNCN</subfield>
    <subfield code="b">SNCN</subfield>
    <subfield code="d">2025-09-25</subfield>
    <subfield code="e">108</subfield>
    <subfield code="g">646.75</subfield>
    <subfield code="l">9</subfield>
    <subfield code="m">1</subfield>
    <subfield code="o">610.7343</subfield>
    <subfield code="p">SNCN-BK-3656</subfield>
    <subfield code="q">2026-04-20</subfield>
    <subfield code="r">2026-04-01 16:37:35</subfield>
    <subfield code="s">2026-04-01</subfield>
    <subfield code="v">995.00</subfield>
    <subfield code="w">2025-09-25</subfield>
    <subfield code="y">BK</subfield>
  </datafield>
  <datafield tag="952" ind1=" " ind2=" ">
    <subfield code="0">0</subfield>
    <subfield code="1">0</subfield>
    <subfield code="2">ddc</subfield>
    <subfield code="4">0</subfield>
    <subfield code="7">0</subfield>
    <subfield code="a">SNCN</subfield>
    <subfield code="b">SNCN</subfield>
    <subfield code="d">2025-09-25</subfield>
    <subfield code="e">108</subfield>
    <subfield code="g">646.75</subfield>
    <subfield code="l">7</subfield>
    <subfield code="o">610.7343</subfield>
    <subfield code="p">SNCN-BK-3653</subfield>
    <subfield code="r">2026-05-12 04:51:21</subfield>
    <subfield code="s">2026-04-01</subfield>
    <subfield code="v">995.00</subfield>
    <subfield code="w">2025-09-25</subfield>
    <subfield code="y">RF</subfield>
  </datafield>
  <datafield tag="952" ind1=" " ind2=" ">
    <subfield code="0">0</subfield>
    <subfield code="1">0</subfield>
    <subfield code="2">ddc</subfield>
    <subfield code="4">0</subfield>
    <subfield code="7">0</subfield>
    <subfield code="a">SNCN</subfield>
    <subfield code="b">SNCN</subfield>
    <subfield code="d">2025-09-25</subfield>
    <subfield code="e">108</subfield>
    <subfield code="g">646.75</subfield>
    <subfield code="l">11</subfield>
    <subfield code="o">610.7343</subfield>
    <subfield code="p">SNCN-BK-3654</subfield>
    <subfield code="q">2026-04-09</subfield>
    <subfield code="r">2026-03-25 16:41:26</subfield>
    <subfield code="s">2026-03-25</subfield>
    <subfield code="v">995.00</subfield>
    <subfield code="w">2025-09-25</subfield>
    <subfield code="y">BK</subfield>
  </datafield>
  <datafield tag="952" ind1=" " ind2=" ">
    <subfield code="0">0</subfield>
    <subfield code="1">0</subfield>
    <subfield code="2">ddc</subfield>
    <subfield code="4">0</subfield>
    <subfield code="7">0</subfield>
    <subfield code="a">SNCN</subfield>
    <subfield code="b">SNCN</subfield>
    <subfield code="d">2025-09-25</subfield>
    <subfield code="e">108</subfield>
    <subfield code="g">646.75</subfield>
    <subfield code="l">11</subfield>
    <subfield code="m">1</subfield>
    <subfield code="o">610.7343</subfield>
    <subfield code="p">SNCN-BK-3655</subfield>
    <subfield code="q">2026-04-20</subfield>
    <subfield code="r">2026-04-01 15:52:30</subfield>
    <subfield code="s">2026-04-01</subfield>
    <subfield code="v">995.00</subfield>
    <subfield code="w">2025-09-25</subfield>
    <subfield code="y">BK</subfield>
  </datafield>
</record>
